000 00606nam a22002297a 4500
003 UA-OsUOA
001 89576
007 ta
008 20121107b un ||||| |||| 00| 0 ukr d
100 _aЗогович Родован
090 _a821.161.2
_bЗ-78
942 _cBK
040 _aUA-OsUOA
_brus
_cUA-OsUOA
_dUA-OsUOA
245 _aУпрямые строфы
_bСтихи
300 _a191 с.
955 _a3
041 _arus
080 _a821.161.2
260 _aМ.
_bПрогресс
_c1968
650 7 _a82 Література. Літературознавство
_2UDC
999 _c375874
_d375874